| 000 | 00381 a2200145 4500 | ||
|---|---|---|---|
| 999 |
_c1309 _d1309 |
||
| 020 | _a9780719551574 | ||
| 050 | _aHB 171.5 LOB 1993 | ||
| 100 |
_aLobley, Derek _eauthor |
||
| 245 | _aSucccess in commerce | ||
| 264 |
_aLondon: _bHodder Education; _c1993. |
||
| 300 |
_axii, 291p. _bill. |
||
| 500 | _aIncludes index | ||
| 650 | _aCommerce | ||
| 942 |
_2lcc _cBK _e4th ed. _h171.5 _iLOB _kHB |
||